000 00748nam a2200253 a 4500
001 60010
003 BD-RjUL
005 20211209080808.0
008 161228s1970 njua b 001 0 eng
020 _a0131978977
035 _a(BD-RjUL)60134
040 _aDLC
_cDLC
_dDLC
_beng
041 _aeng
082 0 0 _a364.360973
_223
_bGID 1970
100 1 _aGibbons, Don C.
_9178555
245 1 0 _aDelinquent behavior /
_c[by] Don C. Gibbons.
260 _aEnglewood Cliffs, N.J. :
_bPrentice-Hall,
_c[1970]
300 _aix, 276 p. :
_bill. ;
_c24 cm.
490 0 _aPrentice-Hall sociology series
504 _aBibliographical footnotes.
650 0 _aJuvenile delinquency
_zUnited States.
_9178556
942 _2ddc
_cBK
999 _c60010
_d60010